They built me for freedom : the story of ... Read More
Available copies
- 3 of 3 copies available at LARL/NWRL Consortium.
- 2 of 2 copies available at Lake Agassiz Regional Library. (Show preferred library)
Current holds
0 current holds with 3 total copies.
Show Only Available Copies
| Location | Call Number / Copy Notes | Barcode | Shelving Location | Status | Due Date |
|---|---|---|---|---|---|
| Crookston Public Library | E 394.263 ELL (Text) | 33500014004261 | Main | Available | - |
| Detroit Lakes Public Library | E 394.263 ELL (Text) | 33500014004279 | Main | Available | - |
| Thief River Falls Public Library | e 394.263 ELL (Text) | 35500006786006 | Main | Available | - |
Record details
- ISBN: 9780063286054
- ISBN: 006328605X
- Physical Description: 1 volume (unpaged) : color illustrations ; 29 cm.
- Edition: First edition.
- Publisher: New York, NY : Balzer + Bray, an imprint of HarperCollinsPublishers, [2024]
- Copyright: ©2024.
Content descriptions
| Summary, etc.: | Bringing to life the 150-year story of ... Read More |
Search for related items by subject
| Genre: | Creative nonfiction. Picture books. |
| LDR | 02953cam a2200661 i 4500 | ||
|---|---|---|---|
| 001 | 437130 | ||
| 003 | LARL_NWRL_CONSORTIUM | ||
| 005 | 20240523162549.0 | ||
| 008 | 240506t20242024nyua b 000 0 eng d | ||
| 010 | . | ‡a 2023943338 | |
| 040 | . | ‡aGCmBT ‡beng ‡erda ‡cIEP ‡dIEP ‡dJAS ‡dYDX ‡dBDX ‡dILC ‡dMWD ‡dRNL ‡dOCLCO | |
| 019 | . | ‡a1394061524 | |
| 020 | . | ‡a9780063286054 ‡qlib. bdg. | |
| 020 | . | ‡a006328605X ‡qlib. bdg. | |
| 035 | . | ‡a(OCoLC)1432713215 ‡z(OCoLC)1394061524 | |
| 043 | . | ‡an-us-tx | |
| 082 | 0 | 4. | ‡a394.263 ‡223/eng/20240503 |
| 100 | 1 | . | ‡aEllis, Tonya Duncan, ‡eauthor. |
| 245 | 1 | 0. | ‡aThey built me for freedom : ‡bthe story of Juneteenth and Houston's Emancipation Park / ‡cwritten by Tonya Duncan Ellis ; illustrated by Jenin Mohammed. |
| 250 | . | ‡aFirst edition. | |
| 264 | 1. | ‡aNew York, NY : ‡bBalzer + Bray, an imprint of HarperCollinsPublishers, ‡c[2024] | |
| 264 | 4. | ‡c©2024. | |
| 300 | . | ‡a1 volume (unpaged) : ‡bcolor illustrations ; ‡c29 cm. | |
| 336 | . | ‡atext ‡2rdacontent | |
| 336 | . | ‡astill image ‡2rdacontent | |
| 337 | . | ‡aunmediated ‡2rdamedia | |
| 338 | . | ‡avolume ‡2rdacarrier | |
| 520 | . | ‡aBringing to life the 150-year story of Emancipation Park in Houston, Texas, and the origins of Juneteenth, this moving picture book, with lyrical text and vibrant artwork, is an ode to the struggle, triumph, courage and joy of Black America. | |
| 650 | 0. | ‡aJuneteenth ‡vJuvenile literature. | |
| 650 | 0. | ‡aParks ‡zTexas ‡zHouston ‡vJuvenile literature. | |
| 650 | 0. | ‡aEnslaved persons ‡xEmancipation ‡zTexas ‡vJuvenile literature. | |
| 650 | 0. | ‡aAfrican Americans ‡zTexas ‡xHistory ‡vJuvenile literature. | |
| 650 | 0. | ‡aAfrican Americans ‡xSocial life and customs ‡vJuvenile literature. ‡0(LARL_NWRL_CONSORTIUM)170520 | |
| 651 | 0. | ‡aHouston (Tex.) ‡xHistory ‡vJuvenile literature. | |
| 650 | 1. | ‡aJuneteenth. ‡0(LARL_NWRL_CONSORTIUM)40274 | |
| 650 | 1. | ‡aEnslaved persons ‡xEmancipation. | |
| 650 | 1. | ‡aAfrican Americans ‡zTexas. | |
| 650 | 1. | ‡aAfrican Americans ‡xSocial life and customs. ‡0(LARL_NWRL_CONSORTIUM)13054 | |
| 650 | 1. | ‡aPicture books. ‡0(LARL_NWRL_CONSORTIUM)28193 | |
| 651 | 1. | ‡aHouston (Tex.) ‡xHistory. | |
| 655 | 7. | ‡aCreative nonfiction. ‡2lcgft | |
| 655 | 7. | ‡aPicture books. ‡2lcgft | |
| 700 | 1 | . | ‡aMohammed, Jenin, ‡eillustrator. |
| 901 | . | ‡a437130 ‡bOCoLC ‡c437130 ‡tbiblio ‡soclc | |

Add to basket
Permalink
Disable Highlighting